| 000 | 01108cam a2200289 i 4500 | ||
|---|---|---|---|
| 001 | 200466297 | ||
| 003 | TR-AnTOB | ||
| 005 | 20251118145829.0 | ||
| 007 | ta | ||
| 008 | 890919s1976 tu 000 0 tur d | ||
| 040 |
_aSULEY _beng _erda _cSULEY _dTR-AnTOB |
||
| 041 | 1 |
_atur _hheb |
|
| 050 | 1 | 4 |
_aBS315.T9 _bB55 1976 |
| 090 |
_aBS315.T9 _bB55 1976 |
||
| 130 | 0 |
_aBible. _pNew Testament. _lTurkish _974794 |
|
| 245 | 0 | 0 |
_aKitabı Mukaddes : _bEski ve Yeni Ahit (Tevrat ve İncil) : İbrani, Kildani ve Yunani dillerinden son tashih edilmiş tercümedir: İncili şerif: Yahut İsa mesihin yeni ahit kitabı : eski yunanca aslına göre Türkçesi yeniden tashih edilmiştir. |
| 246 | 1 | 0 | _aEski ve Yeni Ahit (Tevrat ve İncil). |
| 246 | 1 | 0 | _aİncili şerif: Yahut İsa mesihin yeni ahit kitabı. |
| 264 | 1 |
_aİstanbul : _bKitabı Mukaddes Şirketi, _c1976. |
|
| 300 |
_a902, 274 pages ; _c21 cm |
||
| 336 |
_atext _btxt _2rdacontent |
||
| 337 |
_aunmediated _bn _2rdamedia |
||
| 338 |
_avolume _bnc _2rdacarrier |
||
| 630 | 0 | 0 |
_aBible. _pPentateuch _9124252 |
| 942 |
_2lcc _cBK |
||
| 999 |
_c200466297 _d84509 |
||